Cloud computing : a practical approach (Record no. 469054)

MARC details
000 -LEADER
fixed length control field 00566nam a2200193Ia 4500
008 - FIXED-LENGTH DATA ELEMENTS--GENERAL INFORMATION
fixed length control field 210417s9999 xx 000 0 und d
020 ## - INTERNATIONAL STANDARD BOOK NUMBER
International Standard Book Number 9780070683518
-- 70683514
082 ## - DEWEY DECIMAL CLASSIFICATION NUMBER
Classification number 005.758 VEL
Item number 22.005.758 VEL
245 #0 - TITLE STATEMENT
Title Cloud computing : a practical approach
Statement of responsibility, etc. Cloud computing a practical approach
250 ## - EDITION STATEMENT
Remainder of edition statement "xviii, 334 p. : ill. ; 24 cm., pbk."
260 ## - PUBLICATION, DISTRIBUTION, ETC.
Place of publication, distribution, etc. New Delhi
Name of publisher, distributor, etc. McGraw-Hill
Date of publication, distribution, etc. 2010
700 ## - ADDED ENTRY--PERSONAL NAME
Personal name "Velte, Anthony T"
Numeration "Anthony T. Velte, Toby J. Velte, Robert Elsenpeter."

No items available.

Find us on the map